Movies Quiz

Random Movies or Director Quiz

25 Famous Movie Directors on Set Quiz Stats

Quiz Updated Oct 25, 2014

Challenge
Share
Tweet
Score 0/25 Timer 07:00
4 Plays Today
% Correct
Kill Bill: Vol. 1 (Quentin Tarantino)
96.8%
The Hobbit: An Unexpected Journey (Peter Jackson)
92.8%
Star Wars: Episode IV - A New Hope (George Lucas)
92%
Star Trek (J.J. Abrams)
84.1%
Sweeney Todd: The Demon Barber of Fleet Street (Tim Burton)
77.1%
The Terminator (James Cameron)
75.4%
Rear Window (Alfred Hitchcock)
73.5%
Crouching Tiger, Hidden Dragon (Ang Lee)
70.8%
127 Hours (Danny Boyle)
69.3%
12 Years a Slave (Steve McQueen)
68.5%
Goodfellas (Martin Scorsese)
62%
The Pianist (Roman Polanski)
61.5%
The Dark Knight (Christopher Nolan)
60.9%
% Correct
The Seven Year Itch (Billy Wilder)
55.3%
Full Metal Jacket (Stanley Kubrick)
54.1%
The Village (M. Night Shyamalan)
53.6%
Twelve Monkeys (Terry Gilliam)
53.3%
Pacific Rim (Guillermo del Toro)
37.3%
Vicky Cristina Barcelona (Woody Allen)
37.1%
American Gangster (Ridley Scott)
32.9%
Mulholland Dr. (David Lynch)
32.3%
Road to Perdition (Sam Mendes)
30.9%
Empire of the Sun (Steven Spielberg)
27.2%
A Fistful of Dollars (Sergio Leone)
27.1%
Inside Llewyn Davis (Coen Brothers)
25.1%

You're not logged in!

Compare scores with friends on all Sporcle quizzes.
Join for Free
OR
Log In

You Might Also Like...

Show Comments

Extras

Top Quizzes Today


Score Distribution

Your Account Isn't Verified!

In order to create a playlist on Sporcle, you need to verify the email address you used during registration. Go to your Sporcle Settings to finish the process.

Report this User

Report this user for behavior that violates our Community Guidelines.

Details: